Managerial Economics

The book is written with the aim of providing a complete, yet concise, text that can be covered in a single-semester course. The primary goal of the text is to introduce students to the synthesis and analysis of planar mechanisms and machines, using a method well suited to computer programming, know...

Description complète

Enregistré dans:
Détails bibliographiques
Auteur principal: Hirschey, Mark
Format: Livre
Langue:Undetermined
Publié: Australia Cengage Learning 2015
Sujets:
Tags: Ajouter un tag
Pas de tags, Soyez le premier à ajouter un tag!
Thư viện lưu trữ: Trung tâm Học liệu Trường Đại học Cần Thơ
LEADER 01119nam a2200229Ia 4500
001 CTU_207551
008 210402s9999 xx 000 0 und d
020 |c 1759000 
082 |a 338.5 
082 |b H669 
100 |a Hirschey, Mark 
245 0 |a Managerial Economics 
245 0 |c Mark Hirschey, Eric Bentzen 
260 |a Australia 
260 |b Cengage Learning 
260 |c 2015 
520 |a The book is written with the aim of providing a complete, yet concise, text that can be covered in a single-semester course. The primary goal of the text is to introduce students to the synthesis and analysis of planar mechanisms and machines, using a method well suited to computer programming, known as the Vector Loop Method. Author Michael Stanisic's approach of teaching synthesis first, and then going into analysis, will enable students to actually grasp the mathematics behind mechanism design. 
526 |a Kinh tế học quản lý 
526 |b KTH609 
650 |a Managerial economics,Quản lý kinh tế 
904 |i Tuyến 
980 |a Trung tâm Học liệu Trường Đại học Cần Thơ